| 000 | 00947nam a2200241 i 4500 | ||
|---|---|---|---|
| 001 | 183397 | ||
| 003 | ES-MaACL | ||
| 005 | 20251210143311.0 | ||
| 008 | 140414s1912 it |||| | ita d | ||
| 245 | 0 | 0 |
_aCommedie del Cinquecento. _nII / _ca cura di Ireneo Sanesi. |
| 260 |
_aBari : _bGius. Laterza & Figli, _c1912. |
||
| 300 |
_a466 p. ; _c21 cm. |
||
| 490 | 1 |
_aScrittori d'Italia ; _v38 |
|
| 505 | 8 | _aContiene: L'amor costante / di Alessandro Piccolomini -- L'Aridosia / di Lorenzino de' Medici -- Il ragazzo / di Lodovico Dolce -- I Bernardi / di Francesco D'Ambra | |
| 700 | 1 |
_aSanesi, Ireneo. _9154692 |
|
| 700 | 1 |
_aPiccolomini, Alessandro. _9154708 |
|
| 700 | 1 |
_aMedici, Lorenzino de, _d1514-1548 _9154709 |
|
| 700 | 1 |
_aDolce, Lodovico ( _d1508-1568) _9154710 |
|
| 700 | 1 |
_aD'Ambra, Francesco ( _d1499-1558) _9154711 |
|
| 830 | 0 | 0 |
_aScrittori d'Italia _v38 _9191925 |
| 852 |
_aES-MaACL _jG-3739 |
||
| 999 |
_c183397 _d183397 |
||